Casanare en la formación de la República : (Registro nro. 31013)
[ vista simple ]
| 000 -CABECERA | |
|---|---|
| campo de control de longitud fija | 00683nam a22001697a 4500 |
| 008 - CÓDIGOS DE INFORMACIÓN DE LONGITUD FIJA | |
| fixed length control field | 250619b |||a|||| |||| 00| 0 spa d |
| 020 ## - NÚMERO INTERNACIONAL NORMALIZADO PARA LIBROS | |
| ISBN | 9789585179622 |
| 040 ## - Fuente de catalogación | |
| Agencia original de catalogación | CO-BoBLA |
| Lenguaje de catalogación | spa |
| Agencia de transcripción | CO-BoBLA |
| Convenciones de descripción | rda |
| 041 0# - CÓDIGO DE LENGUA | |
| Código idioma | spa |
| 082 04 - NÚMERO DE LA CLASIFICACIÓN DECIMAL DEWEY | |
| Número de clasificación Decimal | 986.103 |
| Número de documento (Cutter) | P66c |
| Edition number | 23 |
| 100 1# - PUNTO DE ACCESO PRINCIPAL-NOMBRE DE PERSONA | |
| Nombre personal | Pinzón Güiza, Pedro Nel, |
| 9 (RLIN) | 44177 |
| 245 10 - TÍTULO PROPIAMENTE DICHO | |
| Título | Casanare en la formación de la República : |
| Parte restante del título | Francisco de Paula Santander y Omaña. Visión política y jurídica del Llano, compilación documental contexto 1818-1819 / |
| Mención de responsabilidad, etc. | Pedro Nel Pinzón Gûiza. |
| 264 #1 - PRODUCCION, PUBLICACION, DISTRIBUCION, COPYRIGHT | |
| Lugar de producción, publicación, distribución, etc | Bogotá : |
| Nombre del editor, productor, distribuidor, etc | Ediciones Carrera 7 SAS, |
| Fecha de producción, publicación, distribución, copyright | 2021. |
| 300 ## - DESCRIPCIÓN FÍSICA | |
| Extensión | 315 páginas : |
| Otros detalles físicos | Ilustraciones ; |
| Dimensiones | 21 cm. |
| 504 ## - BIBLIOGRAPHY, ETC. NOTE | |
| Bibliography, etc. note | Incluye bibliografía. |
| Withdrawn status | Lost status | Source of classification or shelving scheme | Damaged status | Not for loan | Collection code | Home library | Current library | Shelving location | Date acquired | Source of acquisition | Total Checkouts | Full call number | Barcode | Date last seen | Copy number | Price effective from | Koha item type |
|---|---|---|---|---|---|---|---|---|---|---|---|---|---|---|---|---|---|
| Dewey Decimal Classification | Non-fiction | Biblioteca Pública José María del Castillo y Rada | Biblioteca Pública José María del Castillo y Rada | Book Cart | 11/23/2021 | Donación | 986.103 P66c | 201811358 | 06/19/2025 | Ej.1 | 06/19/2025 | Books |